Statistiques concernant Classement général de l'Euro 2016 de football

Cliquez ici pour prendre le quiz!

Statistiques générales

  • Ce quiz a été pris 2 424 fois
  • Le résultat moyen est 13 sur 16

Statistiques - réponses

PaysStade de la compétition% Correct
2eFranceFinale
100%
1erPortugalVainqueur
100%
4eAllemagneDemi-finale
98%
10eEspagneHuitièmes de finale
95%
5eItalieQuarts de finale
94%
12eAngleterreHuitièmes de finale
92%
6eBelgiqueQuarts de finale
90%
11eSuisseHuitièmes de finale
87%
15eIrlandeHuitièmes de finale
83%
8eIslandeQuarts de finale
82%
9eCroatieHuitièmes de finale
80%
3ePays de GallesDemi-finale
79%
7ePologneQuarts de finale
77%
13eHongrieHuitièmes de finale
67%
14eSlovaquieHuitièmes de finale
50%
16eIrlande du NordHuitièmes de finale
36%

Distribution des résultats

Percentile par nombre de réponses

% des personnes avec chaque résultat

Votre développement - résultats

Vous n’avez pas pris ce quiz